000 00250nam a2200121Ia 4500
100 _aKoller A
942 _cBK
654 _aWork power & efficiency
245 _aWork
260 _bWiley eastern
_aNew Delhi
_c1978
546 _aENGLISH
999 _c35548
_d35548